|
|
|
|
| LEADER |
01176nam a22003012a 4500 |
| 001 |
000332791 |
| 003 |
CZ BrMZK |
| 005 |
20130918094901.0 |
| 007 |
ta |
| 008 |
010907s1982 xr f cze d |
| 015 |
|
|
|a cnb000402739
|
| 035 |
|
|
|a (OCoLC)42169670
|
| 040 |
|
|
|a BOA001
|b cze
|
| 080 |
9 |
|
|a 744(075.2):376
|
| 100 |
1 |
|
|a Štěpánek, Josef,
|d 1870-1935
|7 ola2003167579
|4 aut
|
| 245 |
1 |
0 |
|a Rýsování pro 9. ročník zvláštní školy /
|c Josef Štěpánek, Jan Král, Vlastimil Macháček
|
| 250 |
|
|
|a 4. vyd.
|
| 260 |
|
|
|a Praha :
|b Státní pedagogické nakladatelství,
|c 1982
|
| 300 |
|
|
|a 98 s.
|
| 490 |
1 |
|
|a Učebnice pro základní školy
|
| 700 |
1 |
|
|a Král, Jan
|7 jx20041011028
|4 aut
|
| 700 |
1 |
|
|a Macháček, Vlastimil,
|d 1925-
|7 jk01072962
|4 aut
|
| 830 |
|
0 |
|a Učebnice pro základní školy (Státní pedagogické nakladatelství)
|0 s
|
| 910 |
|
|
|a BOA001
|b 2-0600.923-82
|b PK-0049.107-82
|
| 964 |
|
|
|a Rýsování - učebnice - školy zvláštní
|
| 990 |
|
|
|a BK
|
| 996 |
7 |
|
|b 2619651111
|c 2-0600.923-82
|l HP2
|r DEN
|n 0
|w 000332791
|u 000020
|a 1
|e BOA001
|j MZK50
|s A
|
| 996 |
7 |
|
|b 3119802419
|c PK-0049.107-82
|l MZK
|r Sklad / do 1 hodiny
|n 0
|w 000332791
|u 000010
|a 1
|e BOA001
|j MZK50
|s A
|